| 000 | 00545nam a22001697a 4500 | ||
|---|---|---|---|
| 999 |
_c9157 _d9157 |
||
| 008 | 210325b ||||| |||| 00| 0 eng d | ||
| 040 | _aBMS College of Architecture | ||
| 100 | _aJalan, Tanu | ||
| 245 | _aPremashrama - care beyond cure A hospice centre for advanced cancer patients | ||
| 300 | _aNA | ||
| 500 | _a1BM05AT052 | ||
| 502 |
_8B.Arch _NBMS College of Architecture, Visvesvaraya Technological University _aProject report _d2010 |
||
| 650 | _aHospital | ||
| 700 |
_aK Manjula _eGuide |
||
| 700 |
_aPushpa D _eGuide |
||
| 942 |
_2ddc _cTHE |
||